00609nam a2200205Ia 4500001000700000003000500007008004100012010001100053040000900064082001600073100001700089245005600106260004500162300004000207503002900247650003500276650003700311650002400348650003100372Z_3036CHAP220113s1988 xx 000 0 und d a166121 cCHAP a636.0852 P7 aPuls, Robert aMineral levels in animal health /cby Robert Puls aCanadá :bSherpa International,c1988 a240 p. : bilus. ; gráfs. cuadros aej.1: \ ej.2: fotocopia aAnimalesxElementos minerales  aMinerales en nutrición animal  aMineralogía I. t. aToxicología veterinaria